Statistics for Countries of North America in size order largest to smallest

Click here to take the quiz!

General Stats

  • This quiz has been taken 180 times
  • The average score is 19 of 23

Answer Stats

Size in kilometersCountry% Correct
9,984,670Canada
100%
1,972,559Mexico
99%
9,826,765Usa
99%
130,370Nicaragua
95%
112,890Honduras
93%
109,886Cuba
92%
108,889Guatemala
90%
75,417Panama
90%
51,100Costa rica
89%
48,670Dominican republic
87%
27,750Haiti
86%
22,965Belize
85%
21,041El salvador
83%
13,878Bahamas
82%
10,992Jamaica
77%
5,131Trinidad and tobago
76%
174St kitts and nevis
75%
616St lucia
75%
430Barbados
73%
281Antigua and barbuda
72%
751Dominica
72%
390St vincent and the grenadines
72%
348Grenada
71%

Score Distribution

Percentile by Number Answered

Percent of People with Each Score

Your Score History

You have not taken this quiz